02037cam a22003618i 45000010009000000050017000090080041000260100017000670200018000840200018001020200018001200200018001380410008001560420008001640820017001721000019001892450041002082500008002492600038002572630009002952640044003043000023003483360026003713370028003973380027004255000020004525201110004726500025015826500012016076500014016196500023016337000019016562216670620250328154124.0210805s2022 nju 001 0 eng  a 2021036685 a9789811243271 a9789811245671 z9789811243288 z9789811243295 aeng apcc00a332.0151 CHA1 aChan, Wai Sum,10aFinancial Mathematics for Actuaries  a3rd aSingaporebWorld Scientificc2022 a2110 1aNew Jersey :bWorld Scientific,c[2022] a345;. pages: 25 cm atextbtxt2rdacontent aunmediatedbn2rdamedia avolumebnc2rdacarrier aIncludes index. a"This book provides a thorough understanding of the fundamental concepts of financial mathematics essential for the evaluation of any financial product and instrument. Mastering concepts of present and future values of streams of cash flows under different interest rate environments is core for actuaries and financial economists. This book covers the body of knowledge required by the Society of Actuaries (SOA) for its Financial Mathematics (FM) Exam. The third edition includes major changes such as an addition of an "R Laboratory" section in each chapter, except for Chapter 9. These sections provide R codes to do various computations, which will facilitate students to apply conceptual knowledge. Additionally, key definitions have been revised and the theme structure has been altered. Students studying undergraduate courses on financial mathematics for actuaries will find this book useful. This book offers numerous examples and exercises, some of which are adapted from previous SOA FM Exams. It is also useful for students preparing for the actuarial professional exams through self-study"-- 0aBusiness Mathematics 0aFinance 0aInsurance 0aActuarial science.1 aTse, Yiu Kuen,